| 000 | 00756nam a2200205Ii 4500 | ||
|---|---|---|---|
| 003 | JO-AjNU | ||
| 008 | 230605s9999||||xx |||||||||||||| ||und|| | ||
| 017 | _a1980/1385 | ||
| 040 |
_aJO-AjNU _bara _erda _cJO-AjNU |
||
| 041 | _aara | ||
| 050 | 1 | 4 | _aDS44.S3 1980 |
| 100 | 3 |
_aتاليف السامرائي، شفيق عبد الرزاق, _eauthor _918108 |
|
| 245 | 0 | 0 | _aالمشرق العربي، المجلد الأول |
| 264 | 3 | 1 | _aبغداد: وزارة التعليم العالي والبحث العلمي، 1980 |
| 300 | _aمج1، 336ص | ||
| 336 |
_atext _btxt _2rdacontent |
||
| 337 |
_aunmediated _bn _2rdamedia |
||
| 338 |
_avolume _bnc _2rdacarrier |
||
| 650 | 4 |
_aعالم عربي- احوال سياسية، عالم عربي-تاريخ _918109 |
|
| 999 |
_aA5729 _c9297 _d9297 |
||